000 00817nam a22002657a 4500
001 2205221
003 OSt
005 20210501123806.0
008 740701t19741969nyu 001 0 eng
010 _a 74013031
020 _a068807877X
040 _aDLC
_cDLC
_dDLC
050 0 0 _aPS613
_b.N4 1974
080 _a821.111
_bN-52
082 0 0 _a821/.9/108
245 0 4 _aThe New Yorker book of poems.
_cSelected by the editors of the New Yorker.
260 _aNew York,
_bMorrow,
_c1974 [c1969]
300 _axxvi, 835 p.
_c24 cm.
650 0 _aAmerican poetry
_y20th century.
650 0 _aEnglish poetry
_y20th century.
653 _aინგლისური ლიტერატურა
730 0 _aNew Yorker (New York, 1925- )
906 _a7
_bcbc
_corignew
_d1
_eocip
_f19
_gy-gencatlg
942 _2udc
_cBK
999 _c1181
_d1181